000 00497nam a22001937a 4500
003 PILC
005 20160128115913.0
008 121119t xxu||||| |||| 00| 0 eng d
020 _a0671702831
050 _aPZ 3
_b.M478 1986
082 _aFIC
_bM18st 1986
100 _aMcIntyre, Vonda N.
_919665
245 _aThe voyage home
_cVonda N. Mcintyre
260 _aNew York :
_bPocket Books,
_c1986.
300 _a274 p. :
_c17 cm
440 _aStar Trek IV
942 _2lcc
_cBK
999 _c12013
_d12013